Statistics for Partner In Crime - Lucy Dacus (Lyrics)

Click here to take the quiz!

General Stats

  • This quiz has been taken 5 times
  • The average score is 254 of 267

Answer Stats

Answer% Correct
a
100%
age
100%
and
100%
asked
100%
at
100%
be
100%
beating
100%
bridge
100%
café
100%
cherries
100%
city
100%
coffee
100%
Could
100%
crime
100%
curb
100%
current
100%
dangling
100%
daytime
100%
Do
100%
do
100%
don't
100%
down
100%
drink
100%
Drop
100%
drop
100%
Eating
100%
embarrassing
100%
feet
100%
get
100%
got
100%
heart's
100%
I
100%
if
100%
in
100%
into
100%
it
100%
It
100%
it?
100%
it's
100%
It's
100%
Lamplight
100%
lay
100%
lied
100%
like
100%
looking
100%
love
100%
me?
100%
me
100%
middle
100%
mine
100%
my
100%
My
100%
never
100%
not?
100%
not
100%
of
100%
off
100%
on
100%
parallel
100%
partner
100%
petals
100%
Picking
100%
pits
100%
pulpy
100%
racing
100%
see
100%
sleeps
100%
sleeve
100%
stems
100%
street
100%
suns
100%
tell
100%
that
100%
the
100%
The
100%
thing
100%
thinking?
100%
Throwing
100%
time
100%
to
100%
vertigo
100%
was
100%
waste
100%
were
100%
what
100%
When
100%
will
100%
You
100%
you
100%
Around
75%
below
75%
best
75%
by
75%
Concrete
75%
corner
75%
Crowding
75%
curfew
75%
dawn
75%
early
75%
eyes
75%
fault
75%
from
75%
girlfriend
75%
heat
75%
hint
75%
holding
75%
Knee-deep
75%
Let
75%
morning
75%
nobody
75%
own
75%
record
75%
relief
75%
saw
75%
sees
75%
show
75%
so
75%
stars
75%
take
75%
tried
75%
walked
75%
welcome
75%
your
75%
fingers
50%
out
50%
run
50%
say
50%
through
50%
understands
50%
wanna
50%
But
25%

Score Distribution

Percentile by Number Answered

Percent of People with Each Score

Your Score History

You have not taken this quiz